| 000 | 00523pam a2200205 a 4500 | ||
|---|---|---|---|
| 020 | _c | ||
| 040 | _aMedical College Libr | ||
| 041 |
_aENG _hENG |
||
| 082 |
_a612 _bKHU |
||
| 100 | _aKhullar, M. . | ||
| 245 |
_aReview in Medical Physiology / _c _hTextual Documents |
||
| 250 |
_a2nd / _b. |
||
| 260 |
_aNew Delhi : _bCBS Pub & Dist , _c2000. |
||
| 300 |
_a590 ; _c |
||
| 365 | _a75.00 | ||
| 653 |
_aPhysiology _aMedical Science |
||
| 930 | _a6631 | ||
| 999 |
_c6630 _d6630 |
||